NLSUI OPAC header image

Dress, Law and Naked Truth: (Record no. 113582)

MARC details
000 -LEADER
fixed length control field 01478nam a22001697a 4500
003 - CONTROL NUMBER IDENTIFIER
control field OSt
005 - DATE AND TIME OF LATEST TRANSACTION
control field 20190427144159.0
008 - FIXED-LENGTH DATA ELEMENTS--GENERAL INFORMATION
fixed length control field 190427b2014 ||||| |||| 00| 0 eng
020 ## - INTERNATIONAL STANDARD BOOK NUMBER
International Standard Book Number 9781472500427 (hardback)
020 ## - INTERNATIONAL STANDARD BOOK NUMBER
International Standard Book Number 9781472544438 (online)
040 ## - CATALOGING SOURCE
Transcribing agency nls
245 ## - TITLE STATEMENT
Title Dress, Law and Naked Truth:
Remainder of title A Cultural Study of Fashion and Form /
Statement of responsibility, etc. By Gary Watt
260 ## - PUBLICATION, DISTRIBUTION, ETC.
Place of publication, distribution, etc. Oxford ;Portland, Or. :
Name of publisher, distributor, etc. Hart Publishing,
Date of publication, distribution, etc. 2014
520 ## - SUMMARY, ETC.
Summary, etc. Why are civil authorities in so-called liberal democracies affronted by public nudity and the Islamic full-face “veil”? Why is law and civil order so closely associated with robes, gowns, suits, wigs and uniforms? Why is law so concerned with the “evident” and the need for justice to be “seen” to be done? Why do we dress and obey dress codes at all? In this, the first ever study devoted to the many deep cultural connections between dress and law, the author addresses these questions and more. His responses flow from the radical thesis that “law is dress and dress is law”. Engaging with sources from The Epic of Gilgamesh to Shakespeare, Carlyle, Dickens and Damien Hirst, Professor Watt draws a revealing history of dress and civil order and offers challenging conclusions about the nature of truth and the potential for individuals to fit within the forms of civil life.
856 ## - ELECTRONIC LOCATION AND ACCESS
Uniform Resource Identifier <a href="https://www.bloomsburycollections.com/book/dress-law-and-naked-truth-a-cultural-study-of-fashion-and-form/">https://www.bloomsburycollections.com/book/dress-law-and-naked-truth-a-cultural-study-of-fashion-and-form/</a>
942 ## - ADDED ENTRY ELEMENTS (KOHA)
Source of classification or shelving scheme Dewey Decimal Classification
Koha item type E-Books - Cambridge, Bloomsbury, Oxford Handbooks & West Academic
Holdings
Withdrawn status Lost status Source of classification or shelving scheme Damaged status Not for loan Home library Current library Shelving location Date acquired Source of acquisition Total Checkouts Barcode Date last seen Price effective from Koha item type
    Dewey Decimal Classification     . .   27.04.2019 Purchased   EBK-507 27.04.2019 27.04.2019 E-Books - Cambridge, Bloomsbury, Oxford Handbooks & West Academic